<?xml version="1.0" encoding="UTF-8"?>
<record
    xmlns:xsi="http://www.w3.org/2001/XMLSchema-instance"
    xsi:schemaLocation="http://www.loc.gov/MARC21/slim http://www.loc.gov/standards/marcxml/schema/MARC21slim.xsd"
    xmlns="http://www.loc.gov/MARC21/slim">

  <leader>00649nam a22001577a 4500</leader>
  <controlfield tag="008">230525b        |||||||| |||| 00| 0 eng d</controlfield>
  <datafield tag="040" ind1=" " ind2=" ">
    <subfield code="a">National Science Library</subfield>
    <subfield code="c">National Science Library</subfield>
  </datafield>
  <datafield tag="080" ind1=" " ind2=" ">
    <subfield code="a">R 338(058) </subfield>
    <subfield code="b">K8</subfield>
  </datafield>
  <datafield tag="245" ind1=" " ind2=" ">
    <subfield code="a">Production yearbook</subfield>
    <subfield code="c">/ Food and Agriculture Organization of the United Nation</subfield>
  </datafield>
  <datafield tag="260" ind1=" " ind2=" ">
    <subfield code="a">Rome: </subfield>
    <subfield code="b">Food and Agriculture Organization of the United Nation, </subfield>
    <subfield code="c">1968</subfield>
  </datafield>
  <datafield tag="500" ind1=" " ind2=" ">
    <subfield code="8">Vol. 17; xiii, 503p.
Vol. 18; xiv, 547p.
Vol. 20 (Production yearbook) ; xvi, 763p.
Vol 21; xv, 794p.
Vol. 24 (Production yearbook) ; xvi, 822p.</subfield>
  </datafield>
  <datafield tag="650" ind1=" " ind2=" ">
    <subfield code="a">Economic </subfield>
  </datafield>
  <datafield tag="653" ind1=" " ind2=" ">
    <subfield code="a">Land </subfield>
  </datafield>
  <datafield tag="653" ind1=" " ind2=" ">
    <subfield code="a">Crops </subfield>
  </datafield>
  <datafield tag="942" ind1=" " ind2=" ">
    <subfield code="2">udc</subfield>
    <subfield code="c">YBK</subfield>
  </datafield>
  <datafield tag="999" ind1=" " ind2=" ">
    <subfield code="c">34714</subfield>
    <subfield code="d">34714</subfield>
  </datafield>
  <datafield tag="952" ind1=" " ind2=" ">
    <subfield code="0">0</subfield>
    <subfield code="1">0</subfield>
    <subfield code="2">udc</subfield>
    <subfield code="4">0</subfield>
    <subfield code="6">R_338058_K8</subfield>
    <subfield code="7">0</subfield>
    <subfield code="8">REF</subfield>
    <subfield code="9">52940</subfield>
    <subfield code="a">NSL</subfield>
    <subfield code="b">NSL</subfield>
    <subfield code="c">GF/RK-25/C-6/R-2</subfield>
    <subfield code="d">1969-08-25</subfield>
    <subfield code="h">Vol 21; xv, 794p.</subfield>
    <subfield code="l">0</subfield>
    <subfield code="o">R 338(058) K8</subfield>
    <subfield code="p">27303</subfield>
    <subfield code="r">2023-05-25 00:00:00</subfield>
    <subfield code="w">1969-08-25</subfield>
    <subfield code="y">YBK</subfield>
  </datafield>
</record>
